000 01199nam a2200289 4500
001 0000017375
003 CO-CtgCURN
005 20250331185247.0
007 ta
008 160627s1997 000 0 eng d
020 _a95860061582
040 _aCO-CtgCURN
_bspa
_ccoctgcurn
082 0 _a658
_bC66m
100 1 _aCooke, Robert A.
245 1 0 _aManagement para pequeña y mediana empresa :
_bcurso McGraw-Hill de finanzas para no financieros en 36 horas /
_cRobert A. Cooke.
260 _aBogotá :
_bMcGraw-Hill,
_c1997.
300 _a262 p.
336 _2rdacontent
337 _2rdamedia
_asin mediacion
_bn
338 _2rdacarrier
_avolumen
_bnc
500 _aIncluye glosario y indice.
505 8 _aEl control de los resultados: ventas.--El coste de ventas.--Gastos.--El equipo y otras cosas que Durán años.--Compra, leasing o compra directa.--El balance.--Propiedad y capital.--Presupuesto, planificacion.--Informe presupuestario y otros presupuestos.--Fabricacion y contrucción.--El análisis de una empresa
650 1 4 _aEmpresas
_vFinanzas.
908 _a160627
942 _cBK
_h658
_iC66m
_2ddc
999 _c24462
_d24462